| 000 | 00608nam#a22002175a#4500 | ||
|---|---|---|---|
| 001 | 1057 | ||
| 008 | 100322s1995####xx#a###g#d####000#0#eng#d | ||
| 245 | 1 | 0 |
_aCambridge International Dictionary of English / _cCambridge University Press. |
| 260 |
_aCambridge : _bCambridge University Press, _c1995. |
||
| 300 |
_a1773 p. : _bil. byn. ; _c23 cm. |
||
| 020 | _a0521482364 | ||
| 110 | 2 | _aCambridge University Press. | |
| 080 | _a030=111 | ||
| 084 | _aC22 | ||
| 653 | _aDiccionarios | ||
| 653 | _aInglés [idiomas] | ||
| 040 |
_aAR-ClEAG _cAR-ClEAG |
||
| 005 | 20241107184656.0 | ||
| 003 | AR-ClEAG | ||
| 942 | _cBK | ||
| 999 |
_c1057 _d1057 |
||
| 980 |
_62 _aEvangelina Gallicchio _82 _gEvangelina Gallicchio |
||